000 00368nam a2200145Ia 4500
008 230917s9999||||xx |||||||||||||| ||und||
040 _e107665
_aMAIN
041 _aEnglish
082 _a005.1 J219S
100 _aJalote, Pankaj
245 0 _aSoftware project management in practice
260 _aDelhi
_bPearson Education
_c2004
300 _a262p p.
942 _cBK
999 _c123255
_d123255